000 00330nam a22001457a 4500
008 210222b ||||| |||| 00| 97804717542130 eng d
020 _a9780471754213
041 _aeng
080 _a004
082 _a004
100 _a28
101 _aSHKI
245 _aWindows Vista for Dummies
_cRathbone, A
942 _2udc
_cBK
999 _c55104
_d55104